Thú y bệnh học nhập môn Cho cấp cao đẳng thú y và chăn nuôi

Na minha lista:
Detalhes bibliográficos
Autor principal: Vũ NgọcTân
Formato: Livro
Idioma:Undetermined
Publicado em: Hà Nội ĐH và THCN 1969
Assuntos:
Tags: Adicionar Tag
Sem tags, seja o primeiro a adicionar uma tag!
Thư viện lưu trữ: Trung tâm Học liệu Trường Đại học Cần Thơ
LEADER 00535nam a2200181Ia 4500
001 CTU_13932
008 210402s9999 xx 000 0 und d
082 |a 636.089 
082 |b T121 
100 |a Vũ NgọcTân 
245 0 |a Thú y bệnh học nhập môn 
245 0 |b Cho cấp cao đẳng thú y và chăn nuôi 
245 0 |c Vũ NgọcTân 
260 |a Hà Nội 
260 |b ĐH và THCN 
260 |c 1969 
650 |a veterinary pathology 
980 |a Trung tâm Học liệu Trường Đại học Cần Thơ